00535 2200169 4500001002100000005001500021035002000036245011900056100003300175300002800208260003600236082000800272084001400280020001800294008004100312990001200353INLIS00000000000316620251126120130 a0010-11250000271 aSejarah Nasional Indonesia V :bZaman Kebangkitan Nasional dan Masa Hindia Belanda /cMarwati Djoened Poesponegoro0 aMarwati Djoened Poesponegoro a450 hlm ;c17,5 x 25 cm aJakarta :bBalai Pustaka,c2010 a900 a900 MAR s a979-407-411-4251126 0  a0750961